| 000 | 00521nam a2200169 i 4500 | ||
|---|---|---|---|
| 001 | 78172 | ||
| 003 | ES-MaACL | ||
| 005 | 20230906173556.0 | ||
| 007 | t| | ||
| 008 | 041011s1970 sp ||||1| spa d | ||
| 245 | 0 | 0 |
_aAlergia clínica / _cdirigido por Karl Hansen, M. Werner ; revisión y apéndice por R. Surinyach. |
| 260 |
_aBarcelona : _bSalvat, _c[1970] |
||
| 300 |
_aXXIII, 656 p. : _bil. ; _c26 cm. |
||
| 700 | 1 |
_aSurinyach, R. _9108832 |
|
| 700 | 1 |
_aHansen, Karl. _961767 |
|
| 852 |
_aES-MaACL _jC-37547 _bR.72784 |
||
| 999 |
_c78172 _d78172 |
||